Statistics for 2020 Formula One Austrian Grand Prix Quiz

Click here to take the quiz!

General Stats

  • This quiz has been taken 735 times
  • The average score is 8 of 15

Answer Stats

HintAnswer% Correct
Who took pole?Valtteri Bottas
94%
Podium placesValtteri Bottas
93%
Podium placesCharles Leclerc
77%
Podium placesLando Norris
75%
Name of the trackRed Bull Ring
70%
Which drivers got 5 second penalties?Lewis Hamilton
66%
Teams with 0 pointsHaas
61%
Who was the first retiree?Max Verstappen
52%
Who was the only one who finished, but without points?Nicholas Latifi
46%
Who set the fastest lap?Lando Norris
43%
Teams with 0 pointsWilliams
38%
Teams with 0 pointsRed Bull
36%
Who lost their wheel in the last corner?Kimi Räikkönen
34%
Which drivers got 5 second penalties?Sergio Peréz
33%
What team was the first to pit?Haas
18%

Score Distribution

Percentile by Number Answered

Percent of People with Each Score

Your Score History

You have not taken this quiz